Loading...
M P Paul/
| Hovedforfatter: | |
|---|---|
| Format: | Printed Book |
| Udgivet: |
Kottayam:
D C Books,
1991.
|
| Fag: |
| LEADER | 00513nam a2200157 4500 | ||
|---|---|---|---|
| 999 | |c 144640 |d 144640 | ||
| 082 | |a M803 |b MUH/M | ||
| 100 | |a Muhammed Basheer Vaikom | ||
| 245 | |a M P Paul/ |c by Muhammed Basheer Vaikom | ||
| 260 | |a Kottayam: |b D C Books, |c 1991. | ||
| 300 | |a 92p. | ||
| 650 | |a Memoirs Malayalam | ||
| 650 | |a Literature Malayalam | ||
| 650 | |a Literature | ||
| 942 | |c BK | ||
| 952 | |0 0 |1 0 |4 0 |6 M_803_000000000000000_MUH_M |7 0 |9 102327 |a SSUS |b SSUS |c STACKS |d 2020-02-26 |g 12.00 |o M803 MUH/M |p 099238 |r 2020-02-26 |w 2020-02-26 |y BK | ||